| 000 | 00720nam a2200241 i 4500 | ||
|---|---|---|---|
| 001 | 7325 | ||
| 003 | ES-MaACL | ||
| 005 | 20230906145217.0 | ||
| 007 | t| | ||
| 008 | 901120s1990 sp ||||1| spa d | ||
| 020 | _a84-86532-35-3 | ||
| 080 | _a336.2 | ||
| 100 | 1 |
_aCorona Ramon, Juan Francisco. _940674 |
|
| 245 | 1 | 0 |
_aMitos y leyendas de la politica fiscal / _cJuan Francisco Corona Ramon. |
| 260 |
_aBarcelona : _bEdiciones del Drac, _cD.L. 1990. |
||
| 300 |
_a180 p. ; _c20 cm. |
||
| 490 | 1 |
_aContrastes ; _v17 |
|
| 504 | _aBibliogr.: p. 177-180. | ||
| 650 | 1 | 4 |
_aPolĂtica fiscal. _916296 |
| 830 | 0 |
_aContrastes ; _v17 _9193502 |
|
| 852 |
_aES-MaACL _jL-14574 _bR.118547 _z. - rust. |
||
| 999 |
_c7325 _d7325 |
||